[Event "36th Rilton Cup"]
[Site "Stockholm SWE"]
[Date "2007.01.02"]
[Round "6.16"]
[White "Kolbus, Dietmar"]
[Black "Zadruzny, Nicolaj"]
[Result "1-0"]
[WhiteElo "2397"]
[BlackElo "2326"]
[EventDate "2006.12.27"]
[PlyCount "59"]

1.c4 e5 2.Nc3 Nf6 3.g3 d5 4.cxd5 Nxd5 5.Bg2 Nb6 6.Nf3 Nc6 7.d3 Be7 8.O-O 
O-O 9.b3 Be6 10.Bb2 f5 11.Rc1 Bf6 12.Nd2 Rb8 13.Bxc6 bxc6 14.Ba3 Be7 15.
Bxe7 Qxe7 16.Qc2 Bd7 17.Na4 Rf6 18.Nc5 Bc8 19.Nf3 Nd5 20.Rfe1 e4 21.dxe4 
fxe4 22.Qxe4 Qf8 23.Qd4 Bh3 24.Ng5 Qc8 25.e4 Nf4 26.Qc4+ Kh8 27.Nf7+ Rxf7 
28.Qxf7 Ng6 29.e5 Qg4 30.Rc4 1-0

[Event "36th Rilton Cup"]
[Site "Stockholm SWE"]
[Date "2007.01.02"]
[Round "6.17"]
[White "Smith, Axel"]
[Black "Engqvist, Thomas"]
[Result "1-0"]
[WhiteElo "2319"]
[BlackElo "2405"]
[EventDate "2006.12.27"]
[PlyCount "95"]

1.e4 c6 2.d4 d5 3.Nd2 dxe4 4.Nxe4 Nf6 5.Nxf6+ exf6 6.c3 Bd6 7.Bd3 O-O 8.
Qc2 Re8+ 9.Ne2 Kh8 10.O-O Qc7 11.Ng3 g6 12.b3 Kg8 13.Bb2 Be6 14.Ne4 Be7 
15.c4 Nd7 16.Rfe1 Bf5 17.Re3 Bxe4 18.Rxe4 f5 19.Re2 Bf6 20.Rae1 Rxe2 21.
Qxe2 Qa5 22.Bb1 Rd8 23.a3 Nf8 24.b4 Qb6 25.Rd1 Ne6 26.d5 Nf4 27.Qd2 Bxb2 
28.Qxb2 cxd5 29.g3 Nh5 30.Rxd5 Rxd5 31.cxd5 Qf6 32.Qd2 Qa1 33.Qd3 Nf6 34.
d6 Nd7 35.Kg2 Qf6 36.Ba2 Nb6 37.Bd5 Nc8 38.d7 Nd6 39.Bb3 Qe7 40.Ba4 f6 41.
Bb3+ Kf8 42.Be6 h5 43.h4 Kg7 44.Qd4 b6 45.Qd5 Kh6 46.Qa8 Nf7 47.Bxf7 Qxd7 
48.Qh8# 1-0

[Event "36th Rilton Cup"]
[Site "Stockholm SWE"]
[Date "2007.01.02"]
[Round "6.18"]
[White "Akesson, Joel"]
[Black "Steneskog, Per"]
[Result "1/2-1/2"]
[WhiteElo "2366"]
[BlackElo "2246"]
[EventDate "2006.12.27"]
[PlyCount "154"]

1.d4 d5 2.Nf3 e6 3.c4 c5 4.cxd5 exd5 5.Nc3 Nc6 6.g3 Nf6 7.Bg2 Be7 8.O-O 
O-O 9.Bg5 cxd4 10.Nxd4 h6 11.Be3 Re8 12.Rc1 Bf8 13.Na4 Ne5 14.Nb5 Nc6 15.
b3 Bg4 16.h3 Bf5 17.Nd4 Nxd4 18.Bxd4 Be4 19.Nc5 Bxg2 20.Kxg2 b6 21.Nd3 Ne4
22.e3 Bd6 23.Qg4 Qg5 24.Nf4 Bxf4 25.gxf4 Qxg4+ 26.hxg4 Rac8 27.Rfd1 Red8 
28.f3 Nc5 29.f5 f6 30.Rc2 Nb7 31.Rdc1 Rxc2+ 32.Rxc2 Nd6 33.a4 Rd7 34.a5 
Nb5 35.axb6 Nxd4 36.exd4 axb6 37.Rc6 Re7 38.Kf2 Ra7 39.Rxb6 Ra2+ 40.Ke3 
Rb2 41.Rb5 Kf7 42.Rxd5 Rxb3+ 43.Ke4 Ke7 44.Ra5 Rb7 45.Ra6 Kd7 46.Kd5 Rb5+ 
47.Kc4 Rb7 48.Kc5 Rc7+ 49.Kd5 Rb7 50.Ra8 Rb5+ 51.Kc4 Rb7 52.Kc5 Rc7+ 53.
Kd5 Ke7 54.Rb8 Rd7+ 55.Kc5 Rc7+ 56.Kd5 Rd7+ 57.Ke4 Ra7 58.Rc8 Kd7 59.Rb8 
Ke7 60.Rb6 Kd7 61.Re6 Ra1 62.Rb6 Ra7 63.f4 Ke7 64.g5 hxg5 65.fxg5 fxg5 66.
Ke5 Ra1 67.Rb7+ Kf8 68.d5 Re1+ 69.Kd6 Rf1 70.Ke6 Re1+ 71.Kd7 g4 72.Rb4 g3 
73.Rg4 Re3 74.d6 Kf7 75.Rg6 Rc3 76.Kd8 Kf8 77.d7 Kf7 1/2-1/2

[Event "36th Rilton Cup"]
[Site "Stockholm SWE"]
[Date "2007.01.02"]
[Round "6.19"]
[White "Nithander, Victor"]
[Black "Blomqvist, Erik"]
[Result "1-0"]
[WhiteElo "2401"]
[BlackElo "2314"]
[EventDate "2006.12.27"]
[PlyCount "61"]

1.e4 c5 2.Nf3 e6 3.Nc3 a6 4.d4 cxd4 5.Nxd4 Qc7 6.Bd3 Nf6 7.O-O Bc5 8.Nb3 
Be7 9.f4 d6 10.a4 b6 11.a5 b5 12.e5 Nfd7 13.exd6 Bxd6 14.Be3 Be7 15.Qf3 
Bb7 16.Be4 Nc6 17.f5 Nf6 18.Bb6 Qc8 19.fxe6 fxe6 20.Qh3 O-O 21.Rxf6 Rxf6 
22.Bxh7+ Kf8 23.Ne4 Rh6 24.Rf1+ Ke8 25.Qg3 g5 26.Bg8 Qb8 27.Bf7+ Kd7 28.
Rd1+ Kc8 29.Nd6+ Bxd6 30.Rxd6 Rf6 31.Be8 1-0

[Event "36th Rilton Cup"]
[Site "Stockholm SWE"]
[Date "2007.01.02"]
[Round "6.20"]
[White "Couso, Luis"]
[Black "Ostling, Hakan"]
[Result "1-0"]
[WhiteElo "2354"]
[BlackElo "2070"]
[EventDate "2006.12.27"]
[PlyCount "63"]

1.e4 g6 2.d4 Bg7 3.Nc3 d6 4.Nf3 a6 5.a4 b6 6.Bc4 e6 7.Qe2 Ne7 8.O-O h6 9.
Bb3 Nd7 10.e5 d5 11.Nd1 c5 12.c3 a5 13.Bc2 Ba6 14.Bd3 Bxd3 15.Qxd3 O-O 16.
Ne3 Kh7 17.h4 f5 18.exf6 Nxf6 19.Ne5 c4 20.Qc2 Ne4 21.h5 Bxe5 22.dxe5 Nf5 
23.hxg6+ Kxg6 24.g3 Qc7 25.Ng2 Qxe5 26.Bf4 Qf6 27.f3 Ng5 28.Bxg5 Kxg5 29.
f4+ Kh5 30.g4+ Kxg4 31.Qe2+ Kh3 32.Qh5+ 1-0

[Event "36th Rilton Cup"]
[Site "Stockholm SWE"]
[Date "2007.01.02"]
[Round "6.21"]
[White "Hultin, Per"]
[Black "Semcesen, Daniel"]
[Result "1-0"]
[WhiteElo "2153"]
[BlackElo "2369"]
[EventDate "2006.12.27"]
[PlyCount "107"]

1.d4 d5 2.c4 e6 3.Nc3 Be7 4.Nf3 Nf6 5.Bg5 h6 6.Bh4 O-O 7.e3 b6 8.cxd5 Nxd5
9.Bxe7 Qxe7 10.Nxd5 exd5 11.Bd3 Be6 12.O-O c5 13.dxc5 bxc5 14.Rc1 Rc8 15.
Rc3 Nd7 16.Qa4 a5 17.Rfc1 c4 18.Bb1 Qb4 19.Qc2 Nf6 20.Qd2 Rcb8 21.b3 cxb3 
22.Rxb3 Qxd2 23.Rxb8+ Rxb8 24.Nxd2 Rb2 25.Rc2 Rb4 26.a3 Ra4 27.Rc3 Ne4 28.
Nxe4 dxe4 29.Bc2 Rc4 30.Rxc4 Bxc4 31.Bxe4 Kf8 32.Bc2 Ke7 33.f4 Kd6 34.Kf2 
Kc5 35.Ke1 Bd5 36.g3 Kc4 37.Kd2 Bc6 38.h4 Bf3 39.e4 Kd4 40.e5 Bd5 41.Bd1 
Bc4 42.Ba4 Be6 43.Bc6 Bc4 44.Bd7 Bb3 45.Ke2 Bd5 46.Kf2 h5 47.g4 hxg4 48.
Kg3 Bb3 49.Kxg4 Ke4 50.h5 Bd5 51.Kg5 Bc4 52.Bc6+ Kd4 53.h6 gxh6+ 54.Kxh6 
1-0

[Event "36th Rilton Cup"]
[Site "Stockholm SWE"]
[Date "2007.01.02"]
[Round "6.22"]
[White "Kosmo, Santul"]
[Black "Nyland, Thomas"]
[Result "1/2-1/2"]
[WhiteElo "2280"]
[BlackElo "2124"]
[EventDate "2006.12.27"]
[PlyCount "107"]

1.e4 e5 2.Nf3 Nc6 3.Bc4 Bc5 4.O-O Nf6 5.d4 exd4 6.e5 d5 7.exf6 dxc4 8.fxg7
Rg8 9.Re1+ Be6 10.Bg5 Be7 11.Bxe7 Kxe7 12.Re4 Rxg7 13.Nxd4 Nxd4 14.Rxd4 
Qg8 15.g3 Rg4 16.Nc3 c6 17.Ne2 c5 18.Rd2 Qg6 19.Nc3 Rg8 20.Nd5+ Kf8 21.Ne3
Re4 22.Rd8+ Kg7 23.Rxg8+ Kxg8 24.Qf3 Bg4 25.Nxg4 Qxg4 26.Qxg4+ Rxg4 27.Rd1
Rg6 28.c3 Rb6 29.Rd2 a5 30.Kg2 a4 31.a3 Rb3 32.Kf3 b5 33.Ke4 b4 34.axb4 
cxb4 35.cxb4 Rxb4 36.Kd4 Kg7 37.Kc3 Rb3+ 38.Kxc4 Kg6 39.Kd5 Kf5 40.h3 h5 
41.h4 Rf3 42.Kc4 Rb3 43.Rd5+ Kg4 44.Rd2 Kf3 45.Kd5 Kg2 46.Ke5 Rf3 47.g4 
hxg4 48.h5 Rxf2 49.Rxf2+ Kxf2 50.h6 g3 51.h7 g2 52.h8=Q g1=Q 53.Qf6+ Ke2 
54.Qa6+ 1/2-1/2

[Event "36th Rilton Cup"]
[Site "Stockholm SWE"]
[Date "2007.01.02"]
[Round "6.23"]
[White "Andersson, Alexis"]
[Black "Byklum, Bjornar"]
[Result "1/2-1/2"]
[WhiteElo "2021"]
[BlackElo "2275"]
[EventDate "2006.12.27"]
[PlyCount "64"]

1.d4 d5 2.c4 e6 3.Nf3 c5 4.Nc3 Nc6 5.cxd5 exd5 6.Bg5 Be7 7.Bxe7 Ngxe7 8.e3
c4 9.Be2 a6 10.a4 O-O 11.O-O Be6 12.Ng5 Nf5 13.Nxe6 fxe6 14.Bg4 Qg5 15.Bh3
Rad8 16.Qg4 Qh6 17.Ne2 Rf6 18.Ng3 Nce7 19.Rae1 b5 20.e4 Nxd4 21.exd5 Rxd5 
22.Re4 Nec6 23.Rfe1 Qd2 24.f4 Rg6 25.Qh4 Rh6 26.Qg4 Rg6 27.Qh4 Nf5 28.Bxf5
Rxf5 29.R1e2 Qd1+ 30.Re1 Qd2 31.R1e2 Qd1+ 32.Re1 Qd2 1/2-1/2

[Event "36th Rilton Cup"]
[Site "Stockholm SWE"]
[Date "2007.01.02"]
[Round "6.24"]
[White "Hamark, Jesper"]
[Black "Orndahl, Markus"]
[Result "1-0"]
[WhiteElo "2369"]
[BlackElo "2137"]
[EventDate "2006.12.27"]
[PlyCount "57"]

1.d4 d5 2.Bf4 Nf6 3.e3 g6 4.Nf3 Bg7 5.Be2 O-O 6.O-O c6 7.Nbd2 Bg4 8.c3 
Nbd7 9.h3 Bxf3 10.Bxf3 Re8 11.Bg3 Nb6 12.Qb3 Nfd7 13.Rfd1 e5 14.Rac1 Qe7 
15.a4 a5 16.dxe5 Ra6 17.Be2 Nc5 18.Qa3 Raa8 19.c4 dxc4 20.Nxc4 Nxc4 21.
Rxc4 b6 22.Bf3 Rac8 23.h4 Bxe5 24.Bxe5 Qxe5 25.b4 axb4 26.Qxb4 Qc7 27.a5 
Na6 28.Qxb6 Qxb6 29.axb6 1-0

[Event "36th Rilton Cup"]
[Site "Stockholm SWE"]
[Date "2007.01.02"]
[Round "6.25"]
[White "Lindberg, Henrik"]
[Black "Lardot, Derik"]
[Result "1/2-1/2"]
[WhiteElo "2295"]
[BlackElo "1922"]
[EventDate "2006.12.27"]
[PlyCount "79"]

1.e4 e5 2.Nf3 Nc6 3.d4 Nxd4 4.Nxd4 exd4 5.Qxd4 Ne7 6.Nc3 Nc6 7.Qd1 Bb4 8.
Bd2 d6 9.Bc4 Be6 10.Bxe6 fxe6 11.Qh5+ g6 12.Qh6 Qe7 13.O-O-O O-O-O 14.Bg5 
Qf8 15.Qh3 Re8 16.Nd5 h6 17.Be3 Ba5 18.Rhf1 Kb8 19.Nf4 Qf7 20.Nd3 e5 21.
Kb1 Qe6 22.Qxe6 Rxe6 23.c4 Bb6 24.c5 dxc5 25.Nxc5 Bxc5 26.Bxc5 b6 27.Be3 
Rd6 28.Rxd6 cxd6 29.a3 h5 30.Kc2 Kc7 31.Kd3 Rd8 32.h3 Rf8 33.Rc1 Kd7 34.
Kc4 a6 35.a4 b5+ 36.axb5 axb5+ 37.Kb3 Na5+ 38.Kb4 Nc6+ 39.Kb3 Na5+ 40.Kb4 
1/2-1/2

[Event "36th Rilton Cup"]
[Site "Stockholm SWE"]
[Date "2007.01.02"]
[Round "6.26"]
[White "Marttala, Thomas"]
[Black "Rouhani, Arash"]
[Result "0-1"]
[WhiteElo "2299"]
[BlackElo "1935"]
[EventDate "2006.12.27"]
[PlyCount "52"]

1.Nf3 Nc6 2.d4 d5 3.Bf4 Nf6 4.e3 e6 5.c4 Be7 6.Nc3 Nh5 7.Bg3 O-O 8.cxd5 
exd5 9.Qb3 Be6 10.Be2 Na5 11.Qc2 Rc8 12.Ne5 Nf6 13.a3 c5 14.dxc5 Bxc5 15.
O-O d4 16.exd4 Bxd4 17.Nf3 Bxc3 18.bxc3 Nd5 19.Bd3 g6 20.Nd4 Bd7 21.Ne2 
Qf6 22.Rfc1 h5 23.Be4 Be6 24.Qa4 Nxc3 25.Nxc3 Nb3 26.Bd6 Nxc1 0-1

[Event "36th Rilton Cup"]
[Site "Stockholm SWE"]
[Date "2007.01.03"]
[Round "7.1"]
[White "Kotronias, Vassilios"]
[Black "Berg, Emanuel"]
[Result "1/2-1/2"]
[WhiteElo "2699"]
[BlackElo "2667"]
[EventDate "2006.12.27"]
[PlyCount "128"]

1.e4 e6 2.d4 d5 3.Nd2 Nf6 4.e5 Nfd7 5.c3 c5 6.Bd3 Nc6 7.Ne2 cxd4 8.cxd4 f6
9.exf6 Nxf6 10.Nf3 Bd6 11.O-O Qc7 12.Bg5 O-O 13.Bh4 Nh5 14.Nc3 a6 15.Rc1 
g6 16.Na4 Qa5 17.b3 Bd7 18.Bb1 Rae8 19.Nc5 Bc8 20.Re1 Qc7 21.Nd3 Qb6 22.
Nde5 Bxe5 23.Nxe5 Qxd4 24.Qxd4 Nxd4 25.Bg5 Nf4 26.Kf1 Nc6 27.Bh6 Rf6 28.
Nxc6 bxc6 29.Bxf4 Rxf4 30.Rxc6 e5 31.Rd6 Ref8 32.f3 e4 33.Rxd5 exf3 34.g3 
R4f7 35.Kf2 Bb7 36.Rd2 Kg7 37.Be4 g5 38.Bxb7 Rxb7 39.h3 h5 40.Re5 Rb5 41.
Rxb5 axb5 42.Rd5 Kg6 43.g4 b4 44.Rd6+ Kg7 45.Rd4 Ra8 46.Rxb4 Rxa2+ 47.Kxf3
h4 48.Ke4 Rh2 49.Kf5 Rxh3 50.Kxg5 Rh1 51.Rb7+ Kf8 52.Kg6 Re1 53.Rf7+ Kg8 
54.Rf3 Rg1 55.Kg5 Rh1 56.Kh5 h3 57.Kh4 h2 58.Kh3 Rg1 59.Kxh2 Rxg4 60.Kh3 
Rg7 61.Rf4 Rb7 62.b4 Rf7 63.Rc4 Kf8 64.Kg4 Ke8 1/2-1/2

[Event "36th Rilton Cup"]
[Site "Stockholm SWE"]
[Date "2007.01.03"]
[Round "7.2"]
[White "Nyback, Tomi"]
[Black "Howell, David"]
[Result "0-1"]
[WhiteElo "2606"]
[BlackElo "2471"]
[EventDate "2006.12.27"]
[PlyCount "100"]

1.Nf3 Nf6 2.c4 g6 3.Nc3 d5 4.Qa4+ Bd7 5.Qb3 dxc4 6.Qxc4 a6 7.d4 b5 8.Qd3 
c5 9.dxc5 Bg7 10.e4 O-O 11.a3 Nc6 12.Bd2 b4 13.Nd5 Nxd5 14.exd5 Bf5 15.Qc4
Bxb2 16.Rd1 bxa3 17.dxc6 Be6 18.Qc2 Qb8 19.Bc4 Bxc4 20.Qxc4 Qb5 21.Qxb5 
axb5 22.Ke2 a2 23.Ra1 Rfc8 24.Kd3 Rxc6 25.Be3 Ra3+ 26.Kc2 Bf6 27.Rhd1 Rc3+
28.Kd2 Ra3 29.Ke2 b4 30.Bd4 Bxd4 31.Rxd4 b3 32.Rb4 Rxc5 33.Nd4 Rc3 34.Ke1 
Rd3 35.Ne2 e5 36.Rb5 Kg7 37.Rb6 h5 38.h3 h4 39.Rb5 f6 40.Rb7+ Kh6 41.f3 
Kg5 42.Rb4 f5 43.Rb5 Kf6 44.Rb6+ Kg5 45.Rb5 Rd8 46.Nc1 Rc8 47.Nxb3 Rc2 48.
Nd2 Rd3 49.Nf1 Rxg2 50.Rxe5 Rb2 0-1

[Event "36th Rilton Cup"]
[Site "Stockholm SWE"]
[Date "2007.01.03"]
[Round "7.3"]
[White "Cramling, Pia"]
[Black "Hansen, Lars Bo"]
[Result "1/2-1/2"]
[WhiteElo "2583"]
[BlackElo "2575"]
[EventDate "2006.12.27"]
[PlyCount "38"]

1.d4 Nf6 2.Nf3 e6 3.c4 d5 4.Nc3 Nbd7 5.Bg5 Be7 6.e3 O-O 7.Qc2 c5 8.cxd5 
Nxd5 9.Nxd5 exd5 10.Bxe7 Qxe7 11.Bd3 g6 12.dxc5 Nxc5 13.O-O Bg4 14.Nd4 
Rac8 15.Rfc1 Qf6 16.Qd2 Ne4 17.Qe1 Nc5 18.Qd2 Ne4 19.Qe1 Nc5 1/2-1/2

[Event "36th Rilton Cup"]
[Site "Stockholm SWE"]
[Date "2007.01.03"]
[Round "7.4"]
[White "Fontaine, Robert"]
[Black "Lindberg, Bengt"]
[Result "1-0"]
[WhiteElo "2557"]
[BlackElo "2484"]
[EventDate "2006.12.27"]
[PlyCount "67"]

1.d4 Nf6 2.c4 e6 3.Nc3 Bb4 4.Nf3 b6 5.Bg5 Bb7 6.e3 h6 7.Bh4 g5 8.Bg3 Ne4 
9.Nd2 Nxc3 10.bxc3 Bxc3 11.Rc1 Bb4 12.h4 gxh4 13.Rxh4 Nc6 14.d5 Ne7 15.
dxe6 dxe6 16.Qa4+ Nc6 17.Rd4 Bxd2+ 18.Rxd2 Qg5 19.c5 O-O 20.Bb5 Ne5 21.c6 
Bc8 22.Bf1 a5 23.Qe4 f6 24.Bxe5 fxe5 25.Rcd1 Kg7 26.g4 a4 27.Bd3 Kf6 28.
Bc2 h5 29.Qh7 Qg7 30.Qxh5 Ba6 31.Rd7 Qg5 32.Qh1 e4 33.Qxe4 Qa5+ 34.R1d2 
1-0

[Event "36th Rilton Cup"]
[Site "Stockholm SWE"]
[Date "2007.01.03"]
[Round "7.5"]
[White "Berczes, David"]
[Black "Ulybin, Mikhail"]
[Result "1-0"]
[WhiteElo "2415"]
[BlackElo "2506"]
[EventDate "2006.12.27"]
[PlyCount "79"]

1.d4 d5 2.c4 c6 3.Nc3 dxc4 4.e4 b5 5.a4 e5 6.Nf3 exd4 7.Qxd4 Qxd4 8.Nxd4 
b4 9.Nd1 Ba6 10.Bf4 Nf6 11.f3 Nh5 12.Be3 Bd6 13.g3 g6 14.Rc1 c3 15.bxc3 
Bxf1 16.Rxf1 a5 17.f4 Be7 18.Ke2 Nf6 19.Nf2 O-O 20.c4 Nfd7 21.Nb3 f6 22.
Rfd1 Kf7 23.Rd2 Rc8 24.Rcd1 Rc7 25.c5 Raa7 26.Rc2 Nf8 27.Nd3 Nbd7 28.Nb2 
Ra8 29.Nc4 Rca7 30.Rcd2 Ke8 31.Nd6+ Bxd6 32.Rxd6 Rc8 33.Kd3 Ra6 34.Kc4 Ke7
35.Nd4 Nb8 36.e5 f5 37.g4 fxg4 38.f5 gxf5 39.Nxf5+ Kf7 40.e6+ 1-0

[Event "36th Rilton Cup"]
[Site "Stockholm SWE"]
[Date "2007.01.03"]
[Round "7.6"]
[White "Gagarin, Vasily"]
[Black "Rozentalis, Eduardas"]
[Result "1/2-1/2"]
[WhiteElo "2447"]
[BlackElo "2591"]
[EventDate "2006.12.27"]
[PlyCount "85"]

1.d4 Nf6 2.c4 e6 3.Nc3 Bb4 4.e3 O-O 5.Ne2 d5 6.a3 Be7 7.cxd5 exd5 8.g3 a5 
9.Bg2 c6 10.O-O Nbd7 11.f3 c5 12.dxc5 Nxc5 13.Nf4 Be6 14.Nce2 Qb6 15.Nd4 
a4 16.Bd2 Nb3 17.Nxb3 axb3 18.Kh1 Bc5 19.Re1 Bf5 20.Bc3 Rfd8 21.Bxf6 Qxf6 
22.Qxb3 Qb6 23.Qxb6 Bxb6 24.Rad1 Be6 25.Bh3 Bxh3 26.Nxh3 Bc7 27.Nf4 Bxf4 
28.gxf4 Rac8 29.Re2 Kf8 30.Kg2 Rd6 31.f5 Ke7 32.Kg3 g6 33.Red2 Rb6 34.b4 
Ra8 35.Rd3 Rf6 36.Rc1 b6 37.Rc7+ Kd6 38.Rcc3 Rxf5 39.f4 Re8 40.b5 Re6 41.
Rd4 Re7 42.Rc6+ Kd7 43.Rc3 1/2-1/2

[Event "36th Rilton Cup"]
[Site "Stockholm SWE"]
[Date "2007.01.03"]
[Round "7.7"]
[White "Bellon Lopez, Juan Manuel"]
[Black "Gleizerov, Evgeny"]
[Result "0-1"]
[WhiteElo "2516"]
[BlackElo "2560"]
[EventDate "2006.12.27"]
[PlyCount "98"]

1.e4 e6 2.Nf3 d5 3.Nc3 Nf6 4.e5 Nfd7 5.d4 c5 6.dxc5 Nc6 7.Bf4 Bxc5 8.Bd3 
f6 9.exf6 Nxf6 10.Qe2 O-O 11.O-O-O Bd7 12.Kb1 a6 13.Be5 b5 14.h4 Nxe5 15.
Qxe5 h6 16.Qg3 Qb8 17.Qxb8 Raxb8 18.Ne5 Bxf2 19.g4 Bd4 20.Nxd7 Nxd7 21.Bf5
exf5 22.Rxd4 fxg4 23.Rxg4 Nb6 24.Rhg1 Rb7 25.a4 bxa4 26.Nxa4 Nxa4 27.Rxa4 
Rf6 28.Rd4 Rfb6 29.b3 Rb4 30.Rgd1 h5 31.Kb2 Kf7 32.Rxb4 Rxb4 33.Rxd5 Rxh4 
34.c4 Rh2+ 35.Kc3 h4 36.c5 Rh1 37.Kb4 h3 38.Rd3 h2 39.Rd2 g5 40.c6 Rc1 41.
Rxh2 Rxc6 42.Rg2 Kg6 43.Rg1 Kf5 44.Rf1+ Ke4 45.Rg1 Kf4 46.Rf1+ Ke3 47.Rg1 
Rg6 48.Ka5 g4 49.b4 g3 0-1

[Event "36th Rilton Cup"]
[Site "Stockholm SWE"]
[Date "2007.01.03"]
[Round "7.8"]
[White "Karlsson, Lars"]
[Black "Furhoff, Johan"]
[Result "1/2-1/2"]
[WhiteElo "2531"]
[BlackElo "2430"]
[EventDate "2006.12.27"]
[PlyCount "125"]

1.c4 c6 2.Nf3 d5 3.b3 Bg4 4.Bb2 Nd7 5.e3 Ngf6 6.Be2 e6 7.O-O Bd6 8.Nc3 O-O
9.d4 Ne4 10.Nxe4 dxe4 11.Nd2 Bxe2 12.Qxe2 f5 13.f3 exf3 14.Rxf3 c5 15.Raf1
Qc7 16.g3 Rae8 17.Kh1 Be7 18.g4 g6 19.gxf5 exf5 20.Qg2 Bf6 21.Rxf5 Rxe3 
22.d5 Bxb2 23.Rxf8+ Nxf8 24.Rxf8+ Kg7 25.Rf1 Qe7 26.Nf3 Bf6 27.Qg4 Re2 28.
Qf4 Rxa2 29.h4 Re2 30.Ng5 Bxg5 31.hxg5 Re4 32.Qf2 h6 33.Qf6+ Qxf6 34.gxf6+
Kf7 35.Ra1 a6 36.Ra5 Re3 37.Rxc5 Rxb3 38.d6 Rd3 39.Rc7+ Kxf6 40.c5 Rd5 41.
Kg2 h5 42.Kf3 h4 43.Ke4 Rh5 44.Rxb7 Rxc5 45.Rh7 Rc1 46.Kd5 Rd1+ 47.Kc6 g5 
48.d7 a5 49.Rh8 a4 50.d8=Q+ Rxd8 51.Rxd8 h3 52.Rh8 g4 53.Kd5 a3 54.Ke4 a2 
55.Rf8+ Kg5 56.Rf1 Kh4 57.Rh1 Kg3 58.Rg1+ Kh2 59.Ra1 g3 60.Kf3 g2 61.Kf2 
g1=Q+ 62.Rxg1 a1=Q 63.Rxa1 1/2-1/2

[Event "36th Rilton Cup"]
[Site "Stockholm SWE"]
[Date "2007.01.03"]
[Round "7.9"]
[White "Kolbus, Dietmar"]
[Black "Hillarp Persson, Tiger"]
[Result "1/2-1/2"]
[WhiteElo "2397"]
[BlackElo "2600"]
[EventDate "2006.12.27"]
[PlyCount "102"]

1.d4 g6 2.c4 Bg7 3.e4 d6 4.Nc3 Nf6 5.f3 O-O 6.Be3 c5 7.dxc5 dxc5 8.Qxd8 
Rxd8 9.Bxc5 Nc6 10.Ba3 a5 11.Rd1 Be6 12.Rxd8+ Rxd8 13.Nd5 Nd7 14.Nxe7+ 
Nxe7 15.Bxe7 Re8 16.Ba3 Rc8 17.b3 b5 18.Kd1 bxc4 19.Bxc4 Bxc4 20.bxc4 Rxc4
21.Bc1 Nc5 22.Be3 Nd3 23.Ne2 Ra4 24.Kd2 Ne5 25.Nc1 Nc4+ 26.Ke2 Nxe3 27.
Kxe3 Bh6+ 28.Kd3 Ra3+ 29.Kc4 Bxc1 30.Rxc1 Rxa2 31.Rg1 a4 32.Kb4 Kg7 33.e5 
h5 34.h4 Kf8 35.g3 Ke7 36.f4 Ke6 37.Rc1 Rg2 38.Rc3 Kf5 39.Kxa4 Kg4 40.Rc7 
Rxg3 41.Rxf7 Kxh4 42.Kb5 Kg4 43.Kc6 h4 44.e6 h3 45.e7 h2 46.Rh7 Rh3 47.
Rxh3 Kxh3 48.e8=Q h1=Q+ 49.Kd6 Qd1+ 50.Ke7 Qe2+ 51.Kf7 Qxe8+ 1/2-1/2

[Event "36th Rilton Cup"]
[Site "Stockholm SWE"]
[Date "2007.01.03"]
[Round "7.10"]
[White "Cicak, Slavko"]
[Black "Couso, Luis"]
[Result "1-0"]
[WhiteElo "2545"]
[BlackElo "2354"]
[EventDate "2006.12.27"]
[PlyCount "59"]

1.c4 Nf6 2.Nc3 c6 3.e4 e5 4.d4 d6 5.Nge2 Be7 6.h3 a6 7.g4 b5 8.Ng3 h6 9.
Be3 Be6 10.d5 cxd5 11.exd5 Bd7 12.cxb5 axb5 13.Nxb5 Qa5+ 14.Nc3 Na6 15.a3 
O-O 16.Qd2 Rfb8 17.Ra2 Qc7 18.b4 Qb7 19.Bg2 Rc8 20.O-O Nc7 21.a4 Nce8 22.
Rb1 Rc4 23.b5 Rac8 24.Nge2 Bd8 25.a5 Bxg4 26.hxg4 Nxg4 27.b6 Qe7 28.b7 Rb8
29.a6 Qh4 30.a7 1-0

[Event "36th Rilton Cup"]
[Site "Stockholm SWE"]
[Date "2007.01.03"]
[Round "7.11"]
[White "Brynell, Stellan"]
[Black "Hamark, Jesper"]
[Result "1/2-1/2"]
[WhiteElo "2624"]
[BlackElo "2369"]
[EventDate "2006.12.27"]
[PlyCount "51"]

1.d4 d5 2.c4 e6 3.Nf3 Nf6 4.g3 Be7 5.Bg2 O-O 6.O-O Nbd7 7.Qc2 c6 8.Nbd2 b6
9.e4 Bb7 10.e5 Ne8 11.cxd5 cxd5 12.Re1 Qc7 13.Qd1 Rc8 14.Nf1 Qc2 15.Qxc2 
Rxc2 16.Ne3 Rc8 17.Bd2 Nc7 18.Rec1 a5 19.Bf1 Na6 20.Bc3 Rc7 21.Ne1 Rfc8 
22.a3 Nxe5 23.dxe5 d4 24.Bd2 dxe3 25.Bxe3 Rxc1 26.Rxc1 1/2-1/2

[Event "36th Rilton Cup"]
[Site "Stockholm SWE"]
[Date "2007.01.03"]
[Round "7.12"]
[White "Rouhani, Arash"]
[Black "Bindrich, Falko"]
[WhiteElo "1935"]
[Result "0-1"]
[BlackElo "2482"]
[EventDate "2006.12.27"]
[PlyCount "80"]

1.e4 c5 2.Nf3 d6 3.c3 Nf6 4.Be2 Bg4 5.O-O e6 6.d3 Nc6 7.Re1 Be7 8.Nbd2 d5 
9.Qc2 Bh5 10.Nf1 Bg6 11.Ng3 c4 12.Nh4 cxd3 13.Bxd3 dxe4 14.Bb5 e3 15.Nxg6 
exf2+ 16.Qxf2 hxg6 17.Bg5 Qd5 18.Bxf6 gxf6 19.c4 Qc5 20.h3 Qxf2+ 21.Kxf2 
f5 22.Rad1 Bc5+ 23.Kf1 Rh4 24.Ne2 Ke7 25.a3 a5 26.Rd2 Ne5 27.Red1 Kf6 28.
Rd8 Rxd8 29.Rxd8 b6 30.b3 Bxa3 31.Nc3 Bc5 32.Na4 Rf4+ 33.Ke1 Re4+ 34.Kf1 
Bd4 35.Rb8 Nd3 36.g3 Re1+ 37.Kg2 Ne5 38.h4 Rg1+ 39.Kh3 Bf2 40.Nxb6 Rxg3+ 
0-1

[Event "36th Rilton Cup"]
[Site "Stockholm SWE"]
[Date "2007.01.03"]
[Round "7.13"]
[White "Akesson, Ralf"]
[Black "Nithander, Victor"]
[Result "1-0"]
[WhiteElo "2582"]
[BlackElo "2401"]
[EventDate "2006.12.27"]
[PlyCount "111"]

1.d4 g6 2.e4 Bg7 3.c4 d6 4.Nc3 Nf6 5.Nf3 O-O 6.Be2 Na6 7.O-O e5 8.Be3 Ng4 
9.Bg5 Qe8 10.dxe5 dxe5 11.h3 f6 12.Bd2 Nh6 13.c5 Nxc5 14.Qc1 Nf7 15.Nd5 
Ne6 16.Nxc7 Nxc7 17.Qxc7 Nd8 18.Rfc1 Be6 19.b4 Rf7 20.Qc3 Qf8 21.Bc4 Bh6 
22.Bxh6 Qxh6 23.Rd1 Re7 24.Rd6 Qf8 25.Rad1 Rc8 26.Bxe6+ Nxe6 27.Qb3 Qf7 
28.g3 Kg7 29.h4 Nf8 30.R6d5 Rec7 31.Qe3 Rc3 32.R1d3 Rxd3 33.Qxd3 Rc7 34.
Nd2 Ne6 35.Nb3 Qe7 36.Rd6 b6 37.a4 Nf8 38.Nd2 Rd7 39.Nc4 Rxd6 40.Nxd6 Ne6 
41.Qd5 Nc7 42.Qc6 Na6 43.Nc8 Qf7 44.b5 Nb4 45.Qc3 Na2 46.Qd2 Qc7 47.Nxb6 
Nc3 48.Nd5 Nxd5 49.exd5 Qd6 50.a5 Kg8 51.b6 axb6 52.a6 Kf8 53.Qa2 Qb8 54.
a7 Qa8 55.d6 b5 56.d7 1-0

[Event "36th Rilton Cup"]
[Site "Stockholm SWE"]
[Date "2007.01.03"]
[Round "7.14"]
[White "Tikkanen, Hans"]
[Black "Ernst, Thomas"]
[Result "1/2-1/2"]
[WhiteElo "2402"]
[BlackElo "2508"]
[EventDate "2006.12.27"]
[PlyCount "113"]

1.d4 Nf6 2.c4 g6 3.Nc3 Bg7 4.e4 d6 5.h3 O-O 6.Be3 e5 7.d5 Nbd7 8.Nf3 Nc5 
9.Nd2 a5 10.Be2 Bd7 11.g4 Ne8 12.h4 f5 13.gxf5 gxf5 14.f3 f4 15.Bf2 Kh8 
16.Nb3 b6 17.Nxc5 bxc5 18.Kd2 Nf6 19.h5 Bh6 20.Kc2 Rg8 21.Rh2 Qe7 22.Nb5 
Be8 23.Qh1 Bg5 24.Bf1 Rg7 25.h6 Rg6 26.Bh3 Rxh6 27.Rg1 Rh5 28.Bf5 h6 29.
Bh4 Kg7 30.Bxg5 hxg5 31.Qg2 Rxh2 32.Qxh2 Nh5 33.Qh4 Kh6 34.Qh3 Bf7 35.Bc8 
Kg7 36.Rh1 Bg6 37.Bf5 Bf7 38.Bc8 Bg6 39.a4 Bf7 40.b3 Bg6 41.Rh2 Bf7 42.Kc3
Bg6 43.Kd3 Bf7 44.Kd2 Bg6 45.Kd3 Bf7 46.Bg4 Rh8 47.Na7 Bg6 48.Nc6 Qf8 49.
Nxa5 Rh7 50.Qg2 Qh8 51.Rh3 Nf6 52.Nc6 Nxg4 53.Rxh7+ Qxh7 54.Qxg4 Qh1 55.
Ne7 Qd1+ 56.Kc3 Qc1+ 57.Kd3 1/2-1/2

[Event "36th Rilton Cup"]
[Site "Stockholm SWE"]
[Date "2007.01.03"]
[Round "7.15"]
[White "Berczes, Csaba"]
[Black "Smith, Axel"]
[Result "0-1"]
[WhiteElo "2414"]
[BlackElo "2319"]
[EventDate "2006.12.27"]
[PlyCount "204"]

1.e4 c5 2.Nf3 Nc6 3.d4 cxd4 4.Nxd4 Nf6 5.Nc3 e5 6.Ndb5 d6 7.Bg5 a6 8.Na3 
b5 9.Bxf6 gxf6 10.Nd5 f5 11.c3 Bg7 12.Bd3 Be6 13.Qh5 O-O 14.O-O fxe4 15.
Bxe4 f5 16.Nf4 exf4 17.Bxc6 Rc8 18.Qe2 Be5 19.Bf3 Qh4 20.Qd3 Rf6 21.Bd5 
Bxd5 22.Qxd5+ Kh8 23.Qf3 Rg8 24.Kh1 Rfg6 25.Rg1 Rh6 26.Qh3 Qg5 27.Qf3 Qh4 
28.Qh3 Qxh3 29.gxh3 f3 30.Rxg8+ Kxg8 31.Nc2 Rxh3 32.Nd4 Rxh2+ 33.Kg1 Rg2+ 
34.Kf1 Rh2 35.Kg1 Rg2+ 36.Kf1 Bxd4 37.cxd4 Rh2 38.Kg1 Rg2+ 39.Kf1 Rh2 40.
Kg1 Rh4 41.Rd1 Rg4+ 42.Kf1 Rh4 43.Kg1 Re4 44.Rd3 Re1+ 45.Kh2 Re2 46.Kg3 
Rxb2 47.Ra3 Rd2 48.Rxa6 Rxd4 49.Rb6 b4 50.Kxf3 Kf7 51.Ke3 Re4+ 52.Kd3 Ke6 
53.Rb8 h5 54.Rh8 h4 55.f3 Rf4 56.Ke3 Rc4 57.Kd3 Rc3+ 58.Kd4 Rxf3 59.Rh6+ 
Kd7 60.Rxh4 Rf2 61.Rh7+ Kc6 62.Ra7 Rf4+ 63.Kd3 Kd5 64.Ra5+ Ke6 65.Ra8 Ke5 
66.Re8+ Kd5 67.Rb8 Rf3+ 68.Kc2 Rc3+ 69.Kb2 Rc4 70.Kb3 Rd4 71.Re8 f4 72.a4 
bxa3 73.Kc2 a2 74.Kb2 f3 75.Re1 f2 76.Rf1 Rf4 77.Ka1 Ra4 78.Rxf2 Kc6 79.
Rc2+ Kd7 80.Rd2 Ra5 81.Rh2 d5 82.Rh6 d4 83.Rb6 Ra3 84.Rb4 d3 85.Rd4+ Ke6 
86.Rd8 Ke5 87.Rd7 Ke4 88.Rd8 Ra5 89.Rd7 Ra4 90.Rh7 d2 91.Rh4+ Ke3 92.Rh3+ 
Ke2 93.Rh2+ Kd1 94.Rh3 Rb4 95.Kxa2 Kc2 96.Ka3 Rb8 97.Rh2 Kc1 98.Rh6 Ra8+ 
99.Kb4 d1=Q 100.Rc6+ Kb2 101.Rb6 Qb3+ 102.Kc5 Rc8+ 0-1